<?xml version="1.0" encoding="UTF-8"?>
<record
    xmlns:xsi="http://www.w3.org/2001/XMLSchema-instance"
    xsi:schemaLocation="http://www.loc.gov/MARC21/slim http://www.loc.gov/standards/marcxml/schema/MARC21slim.xsd"
    xmlns="http://www.loc.gov/MARC21/slim">

  <leader>00727nam a22002177a 4500</leader>
  <controlfield tag="005">20180308110751.0</controlfield>
  <datafield tag="010" ind1=" " ind2=" ">
    <subfield code="a">ENG-109920</subfield>
  </datafield>
  <datafield tag="020" ind1=" " ind2=" ">
    <subfield code="a">9788185984520</subfield>
    <subfield code="c">600.00</subfield>
  </datafield>
  <datafield tag="035" ind1=" " ind2=" ">
    <subfield code="a">EN-93453</subfield>
  </datafield>
  <datafield tag="035" ind1=" " ind2=" ">
    <subfield code="a">B-667689</subfield>
  </datafield>
  <datafield tag="037" ind1=" " ind2=" ">
    <subfield code="b">DBAD/PUB</subfield>
  </datafield>
  <datafield tag="082" ind1=" " ind2=" ">
    <subfield code="a">650.11</subfield>
  </datafield>
  <datafield tag="100" ind1=" " ind2=" ">
    <subfield code="a">Sridharan, N.C.</subfield>
  </datafield>
  <datafield tag="245" ind1="0" ind2="0">
    <subfield code="a">The gift of time :</subfield>
    <subfield code="c">by N.C. Sridharan</subfield>
    <subfield code="b">practical tips for enhancing personal productivity /</subfield>
  </datafield>
  <datafield tag="250" ind1=" " ind2=" ">
    <subfield code="a">4th ed</subfield>
  </datafield>
  <datafield tag="260" ind1=" " ind2=" ">
    <subfield code="a">Madras</subfield>
    <subfield code="b">Productivity and Quality Publishing</subfield>
    <subfield code="c">2013</subfield>
  </datafield>
  <datafield tag="270" ind1=" " ind2=" ">
    <subfield code="a">38, Thanikachalam Road</subfield>
    <subfield code="b">Madras</subfield>
    <subfield code="e">600017</subfield>
  </datafield>
  <datafield tag="300" ind1=" " ind2=" ">
    <subfield code="a">394p. :</subfield>
    <subfield code="c">22cm(pbk)</subfield>
    <subfield code="b">ill</subfield>
  </datafield>
  <datafield tag="942" ind1=" " ind2=" ">
    <subfield code="2">ddc</subfield>
    <subfield code="c">EN</subfield>
    <subfield code="m">SRI</subfield>
    <subfield code="h">650.11</subfield>
  </datafield>
  <datafield tag="999" ind1=" " ind2=" ">
    <subfield code="c">84000</subfield>
    <subfield code="d">84000</subfield>
  </datafield>
  <datafield tag="952" ind1=" " ind2=" ">
    <subfield code="0">0</subfield>
    <subfield code="1">0</subfield>
    <subfield code="4">0</subfield>
    <subfield code="7">1</subfield>
    <subfield code="8">NFIC</subfield>
    <subfield code="a">DBAD</subfield>
    <subfield code="b">DBAD</subfield>
    <subfield code="d">2014-05-06</subfield>
    <subfield code="e">DBAD / PUB</subfield>
    <subfield code="g">600.00</subfield>
    <subfield code="l">0</subfield>
    <subfield code="o">650.11 SRI</subfield>
    <subfield code="p">EN-93453</subfield>
    <subfield code="r">2014-05-06 00:00:00</subfield>
    <subfield code="t">1</subfield>
    <subfield code="v">600.00</subfield>
    <subfield code="y">EN</subfield>
  </datafield>
  <datafield tag="952" ind1=" " ind2=" ">
    <subfield code="0">0</subfield>
    <subfield code="1">0</subfield>
    <subfield code="4">0</subfield>
    <subfield code="7">0</subfield>
    <subfield code="8">NFIC</subfield>
    <subfield code="a">AV</subfield>
    <subfield code="b">AV</subfield>
    <subfield code="d">2018-03-08</subfield>
    <subfield code="e">KKP/274/24.2.2017/420/15.2.2017/17.3.2017</subfield>
    <subfield code="g">600.00</subfield>
    <subfield code="l">12</subfield>
    <subfield code="m">4</subfield>
    <subfield code="o">650.11 SRI</subfield>
    <subfield code="p">B-667689</subfield>
    <subfield code="r">2023-11-14 00:00:00</subfield>
    <subfield code="s">2023-10-07</subfield>
    <subfield code="t">1</subfield>
    <subfield code="v">600.00</subfield>
    <subfield code="w">2018-03-08</subfield>
    <subfield code="y">EN</subfield>
  </datafield>
</record>
